<?xml version="1.0" encoding="UTF-8"?>
<collection xmlns="http://www.loc.gov/MARC21/slim">
 <record>
  <leader>01301nam a2200241 a 4500</leader>
  <controlfield tag="001">1/42979</controlfield>
  <controlfield tag="008">120925s2003    gr       b    001 0 gre  </controlfield>
  <datafield tag="020" ind1=" " ind2=" ">
   <subfield code="a">9600216657</subfield>
  </datafield>
  <datafield tag="035" ind1=" " ind2=" ">
   <subfield code="l">45857</subfield>
  </datafield>
  <datafield tag="040" ind1=" " ind2=" ">
   <subfield code="a">GR-PeUP</subfield>
  </datafield>
  <datafield tag="082" ind1="0" ind2="0">
   <subfield code="a">387.24 ΒΛΑ</subfield>
  </datafield>
  <datafield tag="100" ind1="1" ind2=" ">
   <subfield code="a">Βλασσόπουλος,</subfield>
   <subfield code="b">Γιάννης Στ.,</subfield>
   <subfield code="d">1925-</subfield>
  </datafield>
  <datafield tag="245" ind1="1" ind2="0">
   <subfield code="a">Φουρτούνες και μπουνάτσες :</subfield>
   <subfield code="b">τα καράβια μας στη Μεσόγειο το 19ο αιώνα, ανέκδοτα ημερολόγια τριών εμπορικών καραβιών /</subfield>
   <subfield code="c">Γιάννης Στ. Βάσσόπουλος.</subfield>
  </datafield>
  <datafield tag="260" ind1="0" ind2=" ">
   <subfield code="a">Αθήνα :</subfield>
   <subfield code="b">Παπαζήσης,</subfield>
   <subfield code="c">2003.</subfield>
  </datafield>
  <datafield tag="300" ind1=" " ind2=" ">
   <subfield code="a">330 σ. :</subfield>
   <subfield code="b">εικ.;</subfield>
   <subfield code="c">23 εκ.</subfield>
  </datafield>
  <datafield tag="500" ind1=" " ind2=" ">
   <subfield code="a">Ευρετήριο.</subfield>
  </datafield>
  <datafield tag="504" ind1=" " ind2=" ">
   <subfield code="a">Βιβλιογραφία.</subfield>
  </datafield>
  <datafield tag="650" ind1=" " ind2="4">
   <subfield code="a">Πλοία</subfield>
   <subfield code="x">Εικονογράφηση.</subfield>
  </datafield>
  <datafield tag="650" ind1=" " ind2="4">
   <subfield code="a">Εμπορικά πλοία.</subfield>
  </datafield>
  <datafield tag="650" ind1=" " ind2="4">
   <subfield code="a">Εμπορική ναυτιλία.</subfield>
  </datafield>
  <datafield tag="650" ind1=" " ind2="4">
   <subfield code="a">Εμπορική ναυτιλία</subfield>
   <subfield code="z">Μεσόγειος, Περιοχή της</subfield>
   <subfield code="x">Ιστορία</subfield>
   <subfield code="y">19ος αιώνας</subfield>
   <subfield code="x">Ημερολόγια.</subfield>
  </datafield>
  <datafield tag="650" ind1=" " ind2="4">
   <subfield code="a">Εμπορικά πλοία, Ελληνικά</subfield>
   <subfield code="x">Ιστορία</subfield>
   <subfield code="y">19ος αιώνας.</subfield>
  </datafield>
  <datafield tag="852" ind1=" " ind2=" ">
   <subfield code="a">INST</subfield>
   <subfield code="b">UNIPILB</subfield>
   <subfield code="c">MAIN</subfield>
   <subfield code="e">20120925</subfield>
   <subfield code="h">387.24 ΒΛΑ</subfield>
   <subfield code="p">00165604</subfield>
   <subfield code="q">00165604</subfield>
   <subfield code="t">LOAN</subfield>
   <subfield code="y">0</subfield>
   <subfield code="4">1</subfield>
  </datafield>
 </record>
</collection>
